Click the Next Lyric - The Beatles - Statistics

General Stats
  • This quiz has been taken 286 times
  • The average score is 9 of 10
Answer Stats
Question Answer % Correct
Hey Jude don’t make it bad Take a sad song and make it better
99%
Ob‐La‐Di, Ob‐La‐Da Life goes on bra
95%
All the lonely people Where do they all come from?
95%
What would you do if I sang out of tune? Would you stand up and walk out on me?
93%
Something in the way she moves Attracts me like no other lover
89%
In the town where I was born Lived a man who sailed to sea
88%
When I was younger, so much younger than today I never needed anybody's help in any way
87%
I am the walrus Goo goo g'joob
86%
Blackbird singing in the dead of night Take these broken wings and learn to fly
81%
You think you’ve lost your love Well I saw her yesterday
68%
No matching quizzes found
Score Distribution
Percent of People with Each Score
Percentile by Number Answered
Your Score History
You have not taken this quiz